000 00616nam a2200169 4500
003 CO-ViMGA
020 _a9789681867089
040 _aCO-ViMGA
_bspa
_cCO-ViMGA
082 0 4 _a153.153
_bM63a.
100 1 _aMohar, Veronica
_94538
245 1 0 _aAtención 2 : /
_bCuaderno de trabajo para ejercitar la capacidad de atención y concentración en la educación primaria,
_cVeronica Mohar, Maria Teresa San Sebastian
260 _aMéxico :
_bLimusa,
_c2010.
300 _a111 p. :
_bIl. Figuras, dibujos; 27 cm.
650 1 4 _aAtencion y concentracion.
_94539
700 1 _aSan Sebastian, Maria Teresa
_94540
942 _2ddc
_cBK
999 _c35764
_d35764